00791nam a2200217Ia 4500003000900000008004100009020001800050040001600068080001500084100002900099245013900128250001200267260004100279300001600320650002200336650002600358650001700384942000700401999001700408952014800425IN-BaIIA211028s9999 xx 000 0 eng d a1-891389-34-3 cIIA Library a524.5bOST aOsterbrock, D. E.924143 0aAstrophysics of gaseous nebulae and active galactic nucleicD. E. Osterbrock and G. J. Ferland  a2nd ed. aCaliforniabUniversity Sciencec2005 axvii, 461p. aAstrophysics9794 aGalactic nuclei93453 aNebulae9976 cBK c16096d16096 00104070aBANbBANcGENd2006-02-02eEDS g2762.46l3m4o524.5/ OSTp17018r2025-09-08s2023-09-25v2762.46w2006-02-02yBKGRs. 2762.46